| 000 | 01293aab a2200193 i 4500 | ||
|---|---|---|---|
| 001 | 768714001 | ||
| 003 | CO-MdFUSB | ||
| 005 | 20240423073930.0 | ||
| 008 | 220824t1999 ck ||||| |||| 00| 0 spa d | ||
| 040 |
_bspa _cCO-MdFUSB _dCO-MdFUSB |
||
| 041 | _aspa | ||
| 100 | 1 |
_aPeralta, Antonio _eautor |
|
| 245 |
_aFrutos de Justicia _c/ Antonio Peralta |
||
| 300 |
_aVolumen 18, número 3 (julio - septiembre, 1999), páginas: 18 - 19 _c; 27 cm |
||
| 520 | _aLas Escrituras emplean el término "fruto" para referirse a los efectos, consecuencias o resultados de una vida unida a Cristo, en la que él vive y tiene prioridad. Estos efectos o frutos son muy diversos y, así cómo Jesús lo prometió, se están dando en las vidas y a través de sus discípulos, incluso, en los duros campos musulmanes. Tres formas en las que se está produciendo fruto: 1. Mediante nuestra presencia aquí como recipientes del Espíritu Santo. 2. Mediante nuestros hechos, las buenas obras que tanto reclama de nosotros la Palabra de Dios. 3. Mediante nuestras palabras. Un fruto de estos intercambios verbales es la comprensión de nuevas verdades. | ||
| 650 | 0 |
_950 _aEspíritu Santo |
|
| 773 |
_049402 _959631 _gVolumen 18, número 3 (julio - septiembre, 1999), páginas: 18 - 19 _qpágina: 18 |
||
| 942 | _cANA | ||
| 999 |
_c52405 _d52405 |
||